000 00373nam a2200157Ia 4500
008 230711s9999||||xx |||||||||||||| ||und||
041 _aENG
082 _a720
_bGA-T
100 _aGalindo,Michelle
245 0 _aTropical houses : living in paradise
250 _a1st
260 _c2012
_aBerlin
_bBraun Publishing
300 _a222
650 _aArchitecture
942 _cBK
999 _c5365
_d5365